Problems and solutions on quantum mechanics
This book consists of 380 problems. It covers practically the whole of the usual undergraduate syllabus in quantum mechanics, just falling short of quantum field theory, but in substance and sophistication going much beyond
Saved in:
| Format: | Book |
|---|---|
| Language: | Undetermined |
| Published: |
Singapore
World Scientific
1998
|
| Subjects: | |
| Tags: |
Add Tag
No Tags, Be the first to tag this record!
|
| Institutions: | Trung tâm Học liệu Trường Đại học Cần Thơ |
|---|
| LEADER | 00908nam a2200217Ia 4500 | ||
|---|---|---|---|
| 001 | CTU_33282 | ||
| 008 | 210402s9999 xx 000 0 und d | ||
| 082 | |a 530.12076 | ||
| 082 | |b P962 | ||
| 245 | 0 | |a Problems and solutions on quantum mechanics | |
| 245 | 4 | |c The Physics Coaching Class University of Science and Technology of China | |
| 260 | |a Singapore | ||
| 260 | |b World Scientific | ||
| 260 | |c 1998 | ||
| 520 | |a This book consists of 380 problems. It covers practically the whole of the usual undergraduate syllabus in quantum mechanics, just falling short of quantum field theory, but in substance and sophistication going much beyond | ||
| 526 | |a Cơ học lượng tử 1,Cơ học lượng tử 2 | ||
| 526 | |b SP352,SP356 | ||
| 650 | |a Quantum theory | ||
| 650 | |x Problems, exercises, etc | ||
| 904 | |i Minh, Hải | ||
| 980 | |a Trung tâm Học liệu Trường Đại học Cần Thơ | ||